000 00292nam a22001217a 4500
008 170714b xxu||||| |||| 00| 0 eng d
041 _aeng
080 _a038
100 _a24
101 _aFJA
245 _aTHE COMPACT EDITION OF THE OXFORD ENGLISH DICTIONARY
_cAMPHLETT,J
942 _2udc
_cBK
999 _c20916
_d20916